000 00386cam a2200145ua 4500
041 _aeng
_h
082 _a954
_bNIL/HI
100 _aNilakanda sastri Ramanna, .
245 _aHistorical method /
_cNilakanda sastri Ramanna.
_hTextual Documents
260 _aMadras :
_bS.Viswanathan,Central art press ,
_c1956.
300 _a181 ; .
504 _a
942 _cBK
999 _c689
_d689